MARC details
| 000 -LEADER |
| fixed length control field |
02745cam a2200385 i 4500 |
| 001 - CONTROL NUMBER |
| control field |
18841365 |
| 003 - CONTROL NUMBER IDENTIFIER |
| control field |
GZU |
| 005 - DATE AND TIME OF LATEST TRANSACTION |
| control field |
20200908104924.0 |
| 008 - FIXED-LENGTH DATA ELEMENTS--GENERAL INFORMATION |
| fixed length control field |
151102s2015 nyuab b 001 0 eng |
| 010 ## - LIBRARY OF CONGRESS CONTROL NUMBER |
| LC control number |
2015431335 |
| 020 ## - INTERNATIONAL STANDARD BOOK NUMBER |
| International Standard Book Number |
9780718199715 (hardcover) |
| 040 ## - CATALOGING SOURCE |
| Original cataloging agency |
DLC |
| Language of cataloging |
eng |
| Transcribing agency |
DLC |
| Description conventions |
rda |
| 042 ## - AUTHENTICATION CODE |
| Authentication code |
pcc |
| 043 ## - GEOGRAPHIC AREA CODE |
| Geographic area code |
a-tu--- |
| -- |
aw----- |
| 050 00 - LIBRARY OF CONGRESS CALL NUMBER |
| Item number |
DS 63.04 MCM 2015 |
| 082 00 - DEWEY DECIMAL CLASSIFICATION NUMBER |
| Classification number |
956/.02 |
| Edition number |
23 |
| 100 1# - MAIN ENTRY--PERSONAL NAME |
| Personal name |
McMeekin, Sean, |
| Dates associated with a name |
1974- |
| Relator term |
author. |
| 245 14 - TITLE STATEMENT |
| Title |
The Ottoman endgame : |
| Remainder of title |
war, revolution, and the making of the modern Middle East, 1908-1923 / |
| Statement of responsibility, etc. |
Sean McMeekin. |
| 264 #1 - PRODUCTION, PUBLICATION, DISTRIBUTION, MANUFACTURE, AND COPYRIGHT NOTICE |
| Place of production, publication, distribution, manufacture |
New York, New York : |
| Name of producer, publisher, distributor, manufacturer |
Penguin Press, an imprint of Random House LLC, |
| Date of production, publication, distribution, manufacture, or copyright notice |
[2015] |
| 300 ## - PHYSICAL DESCRIPTION |
| Extent |
xii, 550 p : |
| Other physical details |
ill, maps ; |
| Dimensions |
25 cm |
| 336 ## - CONTENT TYPE |
| Content type term |
text |
| Content type code |
txt |
| Source |
rdacontent |
| 337 ## - MEDIA TYPE |
| Media type term |
unmediated |
| Media type code |
n |
| Source |
rdamedia |
| 338 ## - CARRIER TYPE |
| Carrier type term |
volume |
| Carrier type code |
nc |
| Source |
rdacarrier |
| 504 ## - BIBLIOGRAPHY, ETC. NOTE |
| Bibliography, etc. note |
Includes bibliographical references (pages 501-535) and index. |
| 505 0# - FORMATTED CONTENTS NOTE |
| Formatted contents note |
Introdution: The Sykes-Picot myth and the modern Middle East -- Prologue: September 7, 1876 -- Part I: The sick man of Europe -- The sick patient -- Radical surgery: the young Turks -- The jackals pounce -- Searching for an ally -- Part II: The War of 1914: Turkey plays its hand -- Manna from Mars: the arrival of SMS Goeben -- The battle for Ottoman belligerence -- Basra, Sarıkamış, and Suez -- Dardanelles -- Gallipoli -- Massacre in Turkish Armenia -- A cold winter for the British Empire -- Erzurum and Kut -- Double bluff -- Ottoman holy war and Arab revolt -- Russia's moment -- Turning the Arabs -- Brest-Litovsk -- Part III: Death and rebirth -- Mudros -- Sèvres -- Sakarya -- Smyrna -- Lausanne and the Ottoman legacy. |
| 520 ## - SUMMARY, ETC. |
| Summary, etc. |
"Between 1911 and 1923, a series of wars--chief among them World War I--would engulf the Ottoman Empire and its successor states. It is a story we think we know well, but as Sean McMeekin shows us in this revelatory new history, we know far less than we think. Drawing from his years of ground-breaking research in newly opened Ottoman and Russian archives, The Ottoman Endgame brings to light the entire strategic narrative that led to an unstable new order in postwar Middle East--much of which is still felt today"-- |
| Assigning source |
Jacket. |
| 650 ## - SUBJECT ADDED ENTRY--TOPICAL TERM |
| Source of heading or term |
Middle East--History--1908-1923 |
| Geographic subdivision |
Turkey-History |
| 650 ## - SUBJECT ADDED ENTRY--TOPICAL TERM |
| Source of heading or term |
Ottoman empire |
| Form subdivision |
Middle east politics |
| 651 #0 - SUBJECT ADDED ENTRY--GEOGRAPHIC NAME |
| Geographic name |
Middle East |
| General subdivision |
History |
| Chronological subdivision |
1914-1923. |
| 651 #0 - SUBJECT ADDED ENTRY--GEOGRAPHIC NAME |
| Geographic name |
Turkey |
| General subdivision |
History |
| Chronological subdivision |
Ottoman Empire, 1288-1918. |
| 651 #0 - SUBJECT ADDED ENTRY--GEOGRAPHIC NAME |
| Geographic name |
Middle East |
| General subdivision |
Politics and government |
| Chronological subdivision |
1914-1945. |
| 906 ## - LOCAL DATA ELEMENT F, LDF (RLIN) |
| a |
7 |
| b |
cbc |
| c |
orignew |
| d |
2 |
| e |
ncip |
| f |
20 |
| g |
y-gencatlg |
| 942 ## - ADDED ENTRY ELEMENTS (KOHA) |
| Koha item type |
Books |
| Classification part |
63.04 |
| Item part |
MCM |
| Call number prefix |
DS |